Datum a čas kvízu
30
Celkem bodů
Celkový počet nahraných bodů na tomto kvízu bez doplňovacích otázek.
4.
Pořadí na kvízu
Konečné umístění týmu na tomto kvízu.
Zaznamenané odpovědi
| # | Otázka | Odpověď | Body | Výsledky |
|---|---|---|---|---|
| 1. | Krajský soud v Praze v pátek... | Metrostav | 1 | |
| 2. | Velká Británie minulý týden de... | po 47 letech (42–52) | 1 | |
| 3. | Letošní ceny Grammy ovládla ml... | Billie Eilish | 1 | |
| 4. | Česká pošta v lednu představil... | dvourychlostní doručování | 0 | |
| 5. | Opora pražské Slavie Tomáš Sou... | West Ham United | 0 | |
| 6. | Co všechno může být ztracené?... | Jantarová komnata | 1 | |
| 7. | Vzpomenete si na seriál Ztrace... | B | 1 | |
| 8. | "Ne každé zlato třpytívá se, n... | Bilbo Pytlík | 0 | |
| 9. | V seznamu 100 nejdůležitějších... | Hledání ztraceného času | 1 | |
| 10. | Dodnes nebyla uspokojivě vysvě... | na území Ruska | 1 |